=LDR 00000nam 2200000 4500 =001 INLIS000000000033842 =005 20130612135757 =008 ***********************************ind** =035 ##$$0010-061300000033842 =041 ##$$a ind =082 ##$$a 001.42 =090 ##$$a 001.42, Nas m =100 ##$$a Nazir, Moh =245 ##$$a Metode penelitian, Moh. Nazir =260 ##$$a 2005 $b Bogor =300 ##$$a 544 hlm, Ilus, 25 cm =650 ##$$a Metode Penelitian =850 ##$$a NBPNMAT